Word studies: (Record no. 15586)

000 -LEADER
fixed length control field 00759nam a2200193 a 4500
001 - CONTROL NUMBER
control field :::00014440$&:&@@
003 - CONTROL NUMBER IDENTIFIER
control field OkBaRHE
005 - DATE AND TIME OF LATEST TRANSACTION
control field 20110510183247.0
008 - FIXED-LENGTH DATA ELEMENTS--GENERAL INFORMATION
fixed length control field s1983 j 000 0 eng u
040 ## - CATALOGING SOURCE
Transcribing agency
100 1# - MAIN ENTRY--PERSONAL NAME
Personal name Wuest, Kenneth S.
245 10 - TITLE STATEMENT
Title Word studies:
Remainder of title in the Greek New Testament; vol. 3.
260 ## - PUBLICATION, DISTRIBUTION, ETC. (IMPRINT)
Place of publication, distribution, etc Grand Rapids, MI.,
Name of publisher, distributor, etc Wm. B. Eerdmans Publishing Co.
Date of publication, distribution, etc c1983
300 ## - PHYSICAL DESCRIPTION
Extent v. (1-4) ;
Dimensions 20 cm.
650 ## - SUBJECT ADDED ENTRY--TOPICAL TERM
Topical term or geographic name as entry element Bible New Testament
General subdivision Word Studies
942 ## - ADDED ENTRY ELEMENTS (KOHA)
Source of classification or shelving scheme
Koha item type Books
Copies
Permanent Location Total Checkouts Withdrawn status Koha item type Shelving location Price effective from Lost status Full call number Date checked out Damaged status Not for loan Total Renewals Date last seen Date acquired Copy number Barcode Source of classification or shelving scheme Current Location
RHEMA Bible Training College  BooksGeneral Stacks2010-04-14 BS 2333.2 .W8    2018-03-162010-04-14114440  
RHEMA Bible Training College1 BooksGeneral Stacks2010-04-14 BS 2333.2 .W8 V.32011-04-05  12018-03-162010-04-14200019878 RHEMA Bible Training College